00595nam a2200193Ia 4500003000900000008004100009040001600050080001300066100002600079245005000105260003300155300001000188500002600198650004100224650002500265942000700290999001500297952008900312IN-BaIIA211028s9999 xx 000 0 eng d cIIA Library a533bSMI aSmirnou, B. W.913008 0aIntroduction to plasma physicscB. W. Smirnou aMoscowbMIR Publishersc1975 a174p. aDonated by Mrs. Bappu aAstronomy and Astrophysics Thesaurus aPlasma Physics93732 cBK c7691d7691 00104070aBANbBANcGENd1983-07-26l0o533/ SMIp8505r2021-11-05w1983-07-26yBK